| 000 -LEADER |
| fixed length control field |
00649nam a22002057a 4500 |
| 008 - FIXED-LENGTH DATA ELEMENTS--GENERAL INFORMATION |
| fixed length control field |
150527b xxu||||| |||| 00| 0 eng d |
| 020 ## - INTERNATIONAL STANDARD BOOK NUMBER |
| International Standard Book Number |
0132827166 |
| 041 0# - LANGUAGE CODE |
| Language code of text/sound track or separate title |
eng |
| 080 ## - UNIVERSAL DECIMAL CLASSIFICATION NUMBER |
| Universal Decimal Classification number |
331 DON |
| 245 00 - TITLE STATEMENT |
| Title |
Ethical issues in business : |
| Statement of responsibility, etc |
edited by Thomas Donaldson, Patricia H. Werhane. |
| 250 ## - |
| -- |
4th ed. |
| 260 ## - |
| -- |
Englewood Cliffs, N.J. : |
| -- |
Prentice Hall, |
| -- |
c1993. |
| 300 ## - |
| -- |
502 f. : |
| -- |
me il.; |
| -- |
23 cm. |
| 500 ## - |
| -- |
Preface: f. ix-x |
| 650 #0 - |
| -- |
Etika e biznesit |
| 650 #0 - |
| -- |
Përgjegjësitë sociale të biznesit |
| 700 1# - |
| -- |
Donaldson, Thomas, |
| 700 1# - |
| -- |
Werhane, Patricia Hogue. |
| 942 ## - ADDED ENTRY ELEMENTS (KOHA) |
| Source of classification or shelving scheme |
|
| Item type |
Books |